000 00530ntaaa2200193 4500
003 01
005 20251027202033.0
008 0714s1973 ag 01
040 _aAR-BaBN
_bspa
_cAR-BaBN
_eaacr
_dRIC
082 _a251.0000 B28
100 _aBartlett, Gene E
_918998
245 _aThe audacity of preaching
250 _a1 ed.
260 _aNew York :
_bHarper and Brothers,
_cc1962
300 _a159 p
500 _aAutor bautista.Lyman Beecher lectures, Yale divinity school, 1961
650 _ahomilética
_91351
942 _cBK
999 _c15166
_d15166